000 00634nam a2200193 i 4500
001 29423
003 ES-MaACL
005 20230909063106.0
007 t|
008 030121s1913 sp ||||1| spa d
100 1 _aBallesteros Beretta, Antonio,
_d1880-1949
_925050
245 1 0 _aCuestiones históricas
_b: (Edades Antigua y Media) /
_cAntonio Ballesteros Beretta y Pío Ballesteros.
260 _aMadrid :
_b[s.n.,
_c1913] (
_fJuan Pérez Torres)
300 _a354 p. ;
_c25 cm.
700 1 _aBallesteros, Pío,
_d1882-1952
_925043
852 _aES-MaACL
_jC-3593
852 _aES-MaACL
_jF-1789
999 _c29423
_d29423